000 00472cam a22001097a 4500
008 180718b1959 xxu||||| |||| 00| 0 eng d
082 _aB136x54 E/W/1959
100 _aIndia. Planning Commission. Programme Evaluation Organisation
245 _aEvaluation report on the working of the welfare extension projects of the Central Social Welfare Board
_cby Programme Evaluation Organisation, Planning Commission
260 _aDelhi
_bManager of Publications
_c1959
300 _a65p.
999 _c504223
_d504223